Normal view MARC view

Entry Personal Name

Number of records used in: 17

001 - CONTROL NUMBER

  • control field: 5092

003 - CONTROL NUMBER IDENTIFIER

  • control field: HDC

005 - DATE AND TIME OF LATEST TRANSACTION

  • control field: 20230624073210.0

008 - FIXED-LENGTH DATA ELEMENTS

  • fixed length control field: 210118|| aca||aabn | a|a d

040 ## - CATALOGING SOURCE

  • Original cataloging agency: HDC
  • Transcribing agency: HDC

100 ## - HEADING--PERSONAL NAME

  • Personal name: Niazi, Sarfaraz,
  • Dates associated with a name: 1949–

670 ## - SOURCE DATA FOUND

  • Source citation: Work cat.: (HDC): Niazi, Sarfaraz, 1949– author, HANDBOOK OF Pharmaceutical Manufacturing Formulations : Liquid Products. VOLUME 3 /, © 2004
Halal Development Corporation Berhad (HDC)
5.02 Level 5, KPMG Tower, First Avenue, Persiaran Bandar Utama, 47800 Petaling Jaya, Selangor Darul Ehsan
Phone: +603 7965 5489 Email: [email protected]